Portmanteau Songs - Statistics

General Stats
  • This quiz has been taken 25 times
  • The average score is 8 of 15
Answer Stats
song #1 Portmanteau song #2 % Correct
song about accommodations you can check out of but never leave Hotel California Gurls 2010 Katy Perry song sharing a name (but not spelling) with a Beach Boys song
95%
six-minute "mock opera" by rock band Queen Bohemian Rhapsody in Blue 1924 Gershwin musical composition for solo piano and jazz band
86%
Sir Mix-a-Lot's song in which he cannot lie Baby Got Back to Black 2007 Amy Winehouse song for which her 2024 biopic was named
76%
Aqua pop song that earned MCA Records a lawsuit by Mattel Barbie Girls Just Want to Have Fun iconic Cyndi Lauper 80s pop song sometimes called a feminist anthem
67%
Bobby Helms Christmas song feature in the movie Mean Girls Jingle Bell Rock Lobster crustacean-related surf rock song by the B-52s
62%
Whitney Houston's pop-ballad cover of a 1973 Dolly Parton song I Will Always Love You Oughta Know classic breakup song and lead single from Alanis Morissette's Jagged Little Pill
57%
Dorothy's 'I want' song in The Wizard of Oz Over the Rainbow Connection Kermit's signature song from the 1979 film The Muppet Movie
57%
Rolling Stones song narrated by someone unhappy with a red door's color Paint it, Black Hole Sun Soundgarden's signature song about something the singer hopes will come and wash away the rain
57%
Led Zeppelin song accused of including Satanic backmasking Stairway to Heaven is a Place on Earth the chart-topping lead single off Belinda Carlisle's second album
52%
1978 song based on the title of a 1935 horror film about a British wolf-man Werewolves of London Calling The Clash's song, critical of British society, sharing a name with the band's third album
52%
debut Britney Spears single with a video featuring Spears as a high school student ...Baby One More Time Warp The Rocky Horror Picture Show's chronology-bending dance song
48%
Michael Jackson's song to someone who really turns him on The Way You Make Me Feel Good, Inc. Gorillaz song with a video featuring a floating windmill island and a tower
43%
song rumored to be about Mick Jones's impending dismissal from The Clash Should I Stay or Should I Go Your Own Way Fleetwood Mac song about Lindsey Buckingham's breakup with Stevie Nicks
38%
2014 Paramore song with a rhetorical question for a title Ain't It Funkytown 1980 song by disco-funk band Lipps Inc. about moving cities
24%
Alicia Keys R&B ballad sharing a name with her fifth album Girl on Fireball Pitbull's 2014 samba/eurodance song featuring vocals from singer John Ryan
19%
No matching quizzes found
Score Distribution
Percent of People with Each Score
Percentile by Number Answered
Your Score History
You have not taken this quiz